000 00473nam a22001817a 4500
003 NUST - PNEC
005 20170116180931.0
008 150905b xxu||||| |||| 00| 0 eng d
020 _a0070049084
040 _cLIBRARY
082 _a537 PUR
100 _98263
_aPurcell, Edward M.
245 _aElectricity and magnetism : vol 2
_cEdward M. Purcell
250 _a2nd ed.
260 _cc.1985
650 _98266
_aElectricity
_xElectrical engineering
942 _2ddc
_cBK
999 _c65912
_d65912